000 00590nam a2200181 4500
001 138323
003 ES-MaACL
005 20230906195538.0
007 t|
008 070214s1924 sp r ||||1| spa d
100 1 _aSanchís Perpiñá, Vicente.
_9103019
245 1 3 _aLa masa de sangre en cirugía y su determinación /
_cpor V. Sanchís Perpiñá y R. Díaz Sarasola.
260 _a[S. l. :
_bs. n.],
_c1924.
300 _a7 p. ;
_c24 cm.
500 _aTirada aparte de: Clínica y laboratorio, t. VI, nº 24.
700 1 _aDíaz Sarasola, R.
_944427
852 _aES-MaACL
_j1680-F-28
999 _c138323
_d138323